000 00888nam0a22002531 4500
001 rc\2682316
005 20230515101938.0
035 _a(NLR Aleph) 006810674
090 _a6340078
_c6340078
100 _a20110915d1932 |||y0rusy50 ca
101 0 _arus
102 _aRU
105 _aa z |||||
200 1 _aГорячий катод
_fЭ. П. Халфин
210 _aЛенинград
_aМосква
_cГос. энергетич. изд-во
_d1932
_eЛенинград
_gтип. "Печатня"
215 _aОбл., 12 с., без тит. л.
_cчерт.
_d23х15 см.
225 1 _aТехника завода "Светлана". Серия I
_vВып. 3, № 12
700 1 _aХалфин
_bЭ. П.
_f1905-
_gЭрнест Павлович
801 0 _aRU
_bNLR
_gpsbo
801 1 _aRU
_bELAR
_2rusmarc
852 _aNLR
_j32-11/2608
942 _cBOOK
980 _aNB